00519nam a2200157Ia 4500020001800000082002100018100001800039245004500057260004500102300000800147504003600155650003600191650004300227650007500270700001600345 a9788178847832 aRR 320.803 TRI-E aTrivedi, B.R. 0aEncyclopaedia of NREGA and panchayatiraj aNew DelhibCyber Tech Publicationsc2011 a312 aincludes bibliography and index aPanchayatzIndiazEncyclopedias aLocal governmentzIndiazEncyclopedias aNational Rural Employment Guarantee Act (NREGA)zIndiazEncyclopaedias aAswal, B.S.